| 000 | 00527cam a2200169 a 4500 | ||
|---|---|---|---|
| 020 | _a080501179X : | ||
| 082 | 0 | 0 |
_a721 _bBUS _cL-NUST, P-41 |
| 100 | 1 |
_aBusch, Akiko. _945746 |
|
| 245 | 1 | 0 |
_aRooftop architecture : _bthe art of going through the roof / _cby Akiko Busch. |
| 250 | _a1st ed. | ||
| 260 |
_aNew York : _bH. Holt, _cc1991. |
||
| 300 |
_a205 p. : _bill. (some col.) ; _c29 cm. |
||
| 500 | _aIncludes index. | ||
| 526 |
_a0 _b0 _c0 _d721_000000000000000_BUS |
||
| 650 | 0 |
_aBuildings _xAdditions. _931970 |
|
| 942 |
_2ddc _cBK |
||
| 999 |
_c549202 _d549202 |
||